Effect of different fertilizers on lettuce at royal university of agriculture; ឥទ្ធិពលប្រភេទដីផ្សេងគ្នាលើដំណាំសាលាដក្នុងល័ក្ខខ័ណ្ធសាកលវិទ្យាល័យភូមិន្ទកសិកម្ម (Record no. 7770)

000 -LEADER
fixed length control field 00694nam a22001577a 4500
003 - CONTROL NUMBER IDENTIFIER
control field OSt
005 - DATE AND TIME OF LATEST TRANSACTION
control field 20160323151744.0
008 - FIXED-LENGTH DATA ELEMENTS--GENERAL INFORMATION
fixed length control field 160323b xxu||||| |||| 00| 0 eng d
040 ## - CATALOGING SOURCE
Transcribing agency RUA
082 ## - DEWEY DECIMAL CLASSIFICATION NUMBER
Classification number AGR NY 2009 B470 Or.1
100 ## - MAIN ENTRY--PERSONAL NAME
9 (RLIN) 8161
Personal name NY SAMATH; នី សំអាត
245 ## - TITLE STATEMENT
Title Effect of different fertilizers on lettuce at royal university of agriculture; ឥទ្ធិពលប្រភេទដីផ្សេងគ្នាលើដំណាំសាលាដក្នុងល័ក្ខខ័ណ្ធសាកលវិទ្យាល័យភូមិន្ទកសិកម្ម
260 ## - PUBLICATION, DISTRIBUTION, ETC. (IMPRINT)
Place of publication, distribution, etc. Phnom Penh
Name of publisher, distributor, etc. RUA
Date of publication, distribution, etc. 2009
300 ## - PHYSICAL DESCRIPTION
Extent x;48p.
Other physical details ill.
Dimensions 29cm.
942 ## - ADDED ENTRY ELEMENTS (KOHA)
Source of classification or shelving scheme
Koha item type AGR
Holdings
Price effective from Date last seen Permanent Location Not for loan Date acquired Source of classification or shelving scheme Koha item type Lost status Withdrawn status Date last checked out Total Checkouts Shelving location Damaged status Barcode Current Location Full call number
2016-03-232018-06-04Library Block B 2016-03-23 AGR  2018-05-165B470 RUA052286Library Block BAGR NY 2009 B470 Or.1
មជ្ឈមណ្ឌលឯការនៃសាកលវិទ្យាល័យភូមិន្ទកសិកម្មចំការដូង

Powered by Koha